A primer of diffusion problems /

Bibliographic Details
Main Author: Ghez, Richard
Format: Book
Language:English
Published: New York : Wiley, [1988]
Subjects:

MARC

Tag First Indicator Second Indicator Subfields
LEADER 00000cam a2200000 a 4500
001 in00000020811
005 20151007055502.0
008 880107s1988 nyua b 00110 eng
010 |a  87037284  
015 |a GB88-67768 
019 |a 18961378 
020 |a 0471846929 (pbk.) 
020 |a 9780471846925 (pbk.) 
035 |a (OCoLC)17384800 
035 |9 AAB8376AM 
040 |a DLC  |c DLC  |d TXA  |d UtOrBLW 
049 |a TXAM  |c [A11112037] 
050 0 0 |a QA274.75  |b .G48 1988 
082 0 |a 515.3/53  |2 19 
100 1 |a Ghez, Richard. 
245 1 2 |a A primer of diffusion problems /  |c Richard Ghez. 
264 1 |a New York :  |b Wiley,  |c [1988] 
264 4 |c ©1988 
300 |a xiii, 243 pages :  |b illustrations ;  |c 23 cm. 
336 |a text  |b txt  |2 rdacontent 
337 |a unmediated  |b n  |2 rdamedia 
338 |a volume  |b nc  |2 rdacarrier 
500 |a "A Wiley-Interscience publication." 
504 |a Includes bibliographies and index. 
650 0 |a Diffusion processes  |x Mathematical models. 
650 0 |a Differential equations, Partial. 
653 |a Mass transfer: Diffusion  |a Mathematics 
776 0 8 |i Online version:  |a Ghez, Richard.  |t Primer of diffusion problems.  |d New York : Wiley, 1988  |w (OCoLC)625926479 
999 |a MARS 
999 f f |s fde18ca3-9813-3a10-b351-c134b24ca932  |i 74587500-b7cb-3b6e-bc0a-cdb99047491a  |t 0 
952 f f |p ric  |a Texas A&M University  |b Rellis Campus  |c Joint Library Facility  |d Remote Storage  |t 0  |e QA274.75 .G48 1988  |h Library of Congress classification  |i unmediated -- volume  |m A14811112037 
998 f f |a QA274.75 .G48 1988  |t 0  |l Remote Storage